000 00618nam a22002417a 4500
003 UA-OsUOA
001 42920
007 ta
008 20061130b un ||||| |||| 00| 0 ukr d
100 _aЛеандоер К.
090 _a821.113.6
_bЛ33
942 _cBK
040 _aUA-OsUOA
_bukr
_cUA-OsUOA
_dUA-OsUOA
245 _aВерши для Ельзи
300 _a140 с.
955 _a2
041 _aukr
080 _a821.113.6
020 _a985-6556-02-3
260 _aМінск
_bГронка
_c1999
650 7 _a82 Література. Літературознавство
_2UDC
999 _c329051
_d329051